'A' Level (Record no. 200550)

MARC details
000 -LEADER
fixed length control field 00603nam a22002057a 4500
005 - DATE AND TIME OF LATEST TRANSACTION
control field 20240205172252.0
010 ## - LCCN (DPL NO)
LC control number ENG-139120
020 ## - INTERNATIONAL STANDARD BOOK NUMBER
International Standard Book Number 9788183334150
Terms of availability 99.00
035 ## - SYSTEM CONTROL NUMBER
System control number EN-122652
037 ## - SOURCE OF ACQUISITION
Source of stock number/acquisition DBAD/PUB
082 ## - DEWEY DECIMAL CLASSIFICATION NUMBER
Classification number 004.25
100 ## - MAIN ENTRY--PERSONAL NAME
Personal name Jain Satish
245 ## - TITLE STATEMENT
Title 'A' Level
Statement of responsibility, etc Satish Jain and Kratika
Remainder of title Computer System Architecture
250 ## - EDITION STATEMENT
Edition statement First Edition
260 ## - PUBLICATION, DISTRIBUTION, ETC. (IMPRINT)
Place of publication, distribution, etc New Delhi
Name of publisher, distributor, etc BPB PUBLICATIONS
Date of publication, distribution, etc 2011
270 ## - ADDRESS
City New Delhi
Address B-14,Cannaught Place
Postal code 110001
300 ## - PHYSICAL DESCRIPTION
Extent 146p.
Dimensions 9cm(pb)
700 ## - ADDED ENTRY--PERSONAL NAME
Personal name Kratika
9 (RLIN) 61641
942 ## - ADDED ENTRY ELEMENTS (KOHA)
Source of classification or shelving scheme Dewey Decimal Classification
Item type English Books
Call number suffix JAI
Classification part 004.25
Holdings
Withdrawn status Lost status Not for loan Collection code Home library Current library Date acquired Source of acquisition Cost, normal purchase price Full call number Barcode Copy number Cost, replacement price Koha item type
      Non-fiction Sarojini Nagar Sarojini Nagar 05/02/2024 DBAD/PUB 99.00 004.25 JAI EN-122652 1 99.00 English Books

© Delhi Public Library
Hit Counter
free hit counter